000 00894cab a2200265 4500
001 WB3030-07
008 090401t1994 xxu||||| |||| 00| 0 eng d
035 _a(Sirsi) u23602
041 _aeng
245 _aVariety the key to shopping centre life
260 _c1994
350 _a0
490 _aEstates Gazette
_v(9430) 30 July 1994, 36(1)
520 _aAccording to Donaldson and IPD`s "Shopping centre index", shopping centres with variety stores generated total returns averaging 2% higher than those anchored by department stores during the last 13 years.
650 _aDEPARTMENT STORES
650 _aINVESTMENT MARKET
650 _aINVESTMENT RETURNS
650 _aPROPERTY INDEXES
650 _aSHOPPING CENTRES
650 _aTOTAL RETURNS
650 _aVARIETY STORES
690 _aPROPERTY-COMMERCIAL PROPERTY-RETAIL PROPERTY
942 _n0
948 _c04/03/1997
999 _c15789
_d15789